000 01108nkm a2200337 c 4500
999 _c211226
_d211226
003 BLK
005 20210217160331.0
008 180412b bul rap|r|||| r0| ||bulo|
010 _aKNG00178029000
040 _aBLK
041 _aDEU
_cDEU
080 _aГрафични изкуства. Графика. Гравюра
_b76
_z76
139 _aDie Franzosen
_bD 55
245 1 0 _aDie Franzosen
_bKatalog und Zeugnisse
_cbearb. Gerhard Femmel.
257 _aDEU
260 _bSeemann
_c1980
_aLeipzig
300 _a677 s.
_bIll.
_c26 cm
380 _a7
490 _aGoethes Sammlungen zur Kunst, Literatur und Naturwissenschaft
_9208063
490 _aGoethes Grafiksammlung
_9208064
600 1 4 _aГьоте, Йохан Волфганг фон
_9363966
650 4 _aГрафика
_9152559
650 4 _aИзобразително изкуство
_9260464
653 _aграфика
700 1 _aFemmel, Gerhard
_ebearb.
_99903
852 _aЦб ІІ 26719
856 4 _qpdf
_u
856 4 _qpdf
_u
942 _cGRA
_n0
_s1
944 _aCR
_c10.07.2015
_kИрена_Линкова
944 _aED
_c05.02.2016
_kКети_Илиева
999 _d211226
999 _d211226